Database management systems (Record no. 4347)

000 -LEADER
fixed length control field 00716 a2200205 4500
020 ## - INTERNATIONAL STANDARD BOOK NUMBER
International Standard Book Number 0072465638
020 ## - INTERNATIONAL STANDARD BOOK NUMBER
International Standard Book Number 0071151109 (ISE)
040 ## - CATALOGING SOURCE
Original cataloging agency Library of Congress
Language of cataloging English
082 00 - DEWEY DECIMAL CLASSIFICATION NUMBER
Classification number 005.74
100 1# - MAIN ENTRY--PERSONAL NAME
Personal name Ramakrishnan, Raghu.
245 10 - TITLE STATEMENT
Title Database management systems
Statement of responsibility, etc. Raghu Ramakrishnan, Johannes Gehrke.
250 ## - EDITION STATEMENT
Edition statement 3rd ed.
260 ## - PUBLICATION, DISTRIBUTION, ETC.
Place of publication, distribution, etc. Boston, Mass. :
Name of publisher, distributor, etc. McGraw-Hill,
Date of publication, distribution, etc. c2003.
300 ## - PHYSICAL DESCRIPTION
Extent xxxii, 1065 p.:
Other physical details ill.
Dimensions 24 cm.
650 #0 - SUBJECT ADDED ENTRY--TOPICAL TERM
Topical term or geographic name entry element Database management.
700 1# - ADDED ENTRY--PERSONAL NAME
Personal name Gehrke, Johannes.
856 42 - ELECTRONIC LOCATION AND ACCESS
Materials specified Publisher description
Uniform Resource Identifier <a href="http://www.loc.gov/catdir/description/mh024/2002075205.html">http://www.loc.gov/catdir/description/mh024/2002075205.html</a>
856 42 - ELECTRONIC LOCATION AND ACCESS
Materials specified Table of contents
Uniform Resource Identifier <a href="http://www.loc.gov/catdir/toc/mh023/2002075205.html">http://www.loc.gov/catdir/toc/mh023/2002075205.html</a>
942 ## - ADDED ENTRY ELEMENTS (KOHA)
Koha item type Book
Call number prefix 005.74 RAM
Source of classification or shelving scheme
Holdings
Withdrawn status Lost status Damaged status Not for loan Collection code Permanent Location Current Location Shelving location Date acquired Source of acquisition Cost, normal purchase price Total Checkouts Full call number Barcode Date last seen Price effective from Koha item type Date last checked out Checked out
          Central Library (CL) Central Library (CL) First Floor - Databases 12/19/2003 Allied Book Company 1484.70   005.74 RAM SEECS004032 11/14/2012 01/05/2017 Book    
          Central Library (CL) Central Library (CL) First Floor - Databases 12/19/2003 Allied Book Company 1484.70 1 005.74 RAM SEECS004033 01/01/2019 01/05/2017 Book 12/12/2018  
          Central Library (CL) Central Library (CL) First Floor - Databases 02/04/2003 Allied Book Company 1361.31 2 005.74 RAM SEECS003038 12/07/2014 01/05/2017 Book 10/26/2014  
          Central Library (CL) Central Library (CL) First Floor - Databases 12/04/2003 Allied Book Company 1317.63 2 005.74 RAM SEECS003983 09/20/2019 01/05/2017 Book 09/20/2019 10/20/2019
          Central Library (CL) Central Library (CL) First Floor - Databases 01/07/2013 Allied Book Company 2161.30 4 005.74 RAM SEECS011788 12/14/2018 01/10/2013 Book 11/14/2018  
© 2023 Central Library, National University of Sciences and Technology. All Rights Reserved.